• 首页
  • 本馆介绍
  • 公告通知
  • 最新文献
  • 馆藏检索
  • 电子资源
  • 读者导购
  • 参考咨询
  • 我的图书馆
  • 登录
  • 详细信息显示
  • 放入我的书架
  • 预约/预借图书
  • 作者相关作品
  • 分类相关作品
  • 丛书相关作品
  • 出版社相关作品

书目信息

  • 表格格式
  • 工作单格式
  • 卡片格式
题名:
离散数学
    
 
作者: 贾振华 主编
分册:  
出版信息: 北京   中国水利水电出版社  2016.08
页数: 353页
开本: 23cm
丛书名:
单 册:
中图分类: O158
科图分类:
主题词: 离散数学--高等学校--教材
电子资源:
ISBN: 978-7-5170-4574-8
000 01052nam0 2200265 450
001 0120162002365
005 20170327084128.21
010    @a978-7-5170-4574-8@dCNY36.00
100    @a20160908d2016 em y0chiy50 ea
101 0  @achi
102    @aCN@b110000
105    @ay z 000yy
106    @ar
200 1  @a离散数学@9li san shu xue@f贾振华主编
205    @a2版
210    @a北京@c中国水利水电出版社@d2016.08
215    @a353页@d23cm
300    @a21世纪高等院校规划教材
330    @a离散数学是计算机科学基础理论的核心课程,是高等院校计算机专业必修的重要专业基础课程。本书介绍了离散数学的基础理论知识,全书共分11章:包括命题逻辑、谓词逻辑、集合、关系、函数、集合的基数、图论、欧拉图和哈密尔顿图、特殊 图、代数结构、格与布尔代数等内容。
333    @a本书可作为高等院校计算机及其相关专业离散数学课程的教材,也可供从事计算机工作的科学技术人员以及其相关人员使用或参考
606 0  @a离散数学@x高等学校@j教材
690    @aO158@v5
701  0 @a贾振华@9jia zhen hua@4主编
801  0 @aCN@b人天书店@c20160908
905    @b981513-16@dO158@e100=2@f4
    
    离散数学/贾振华主编.-2版.-北京:中国水利水电出版社,2016.08
    353页;23cm
    21世纪高等院校规划教材.-使用对象:本书可作为高等院校计算机及其相关专业离散数学课程的教材,也可供从事计算机工作的科学技术人员以及其相关人员使用或参考
    
    ISBN 978-7-5170-4574-8:CNY36.00
    离散数学是计算机科学基础理论的核心课程,是高等院校计算机专业必修的重要专业基础课程。本书介绍了离散数学的基础理论知识,全书共分11章:包括命题逻辑、谓词逻辑、集合、关系、函数、集合的基数、图论、欧拉图和哈密尔顿图、特殊 图、代数结构、格与布尔代数等内容。
●
相关链接 在E读中查询图书 在五车中查询图书 在当当中查询图书 在豆瓣中查询图书


正题名:离散数学     索取号:O158/100=2         预约/预借

序号 登录号 条形码 馆藏地/架位号 状态 备注
1 981513   209815137   第二样本阅览室/ [索取号:O158/100=2] 在馆    
2 981514   209815146   数信系资料室/ [索取号:O158/100=2] 在馆    
3 981515   209815155   第三借阅区/ [索取号:O158/100=2] 在馆    
4 981516   209815164   第三借阅区/ [索取号:O158/100=2] 在馆    
欢迎您!
大连网信软件有限公司© 版权所有